| 000 | 01355 a2200205 4500 | ||
|---|---|---|---|
| 003 | Nust | ||
| 005 | 20170207154016.0 | ||
| 020 | _a0-471-71998-6 | ||
| 040 | _cNust | ||
| 082 | 0 | 0 | _a621.367 |
| 100 | 1 | _aAcharya, Tinku | |
| 245 | 0 | 0 |
_aImage processing (E-Book) _bprinciples and applications _cTinku Acharya, Ajoy K. Ray |
| 260 |
_aHoboken, NJ : _bWiley, _c2005 |
||
| 300 |
_axx, 428 s. : _bill. |
||
| 505 | _aIntroduction (Page-1) Image Formation And Representation (Page-17) Color And Color Imagery (Page-37) Image Transformation (Page-61) Discrete Wavelet Transform (Page-79) Image Enhancement And Restoration (Page-105) Image Segmentation (Page-131) Recognition Of Image Patterns (Page-157) Texture And Shape Analysis (Page-181) Fuzzy Set Theory In Image Processing (Page-209) Image Mining And Content-Based Image Retrieval (Page-227) Biometric And Biomedical Image Processing (Page-253) Remotely Sensed Multispectral Scene Analysis (Page-285) Dynamic Scene Analysis: Moving Object Detection And Tracking (Page-307) Introduction To Image Compression (Page-329) JPEG: Still Image Compression Standard (Page-351) JPEG2000 Standard For Image Compression (Page-360) Coding Algorithms In JPEG2000 Standard (Page-391) | ||
| 650 | 7 | _aDigital bildbehandling | |
| 650 | 7 |
_aImage processing _xDigital techniques |
|
| 651 | _aE-Book | ||
| 700 | 1 |
_aRay, Ajoy K. _d1954- |
|
| 942 |
_2ddc _cBK |
||
| 999 |
_c191423 _d191423 |
||